| 000 | 01061nam a2200241 a 4500 | ||
|---|---|---|---|
| 001 | 63456 | ||
| 003 | BD-RjUL | ||
| 005 | 20211209081211.0 | ||
| 008 | 170130s1997 ii ||||| |||| 00| d ben d | ||
| 020 | _c: Tk. 30.00 | ||
| 035 | _a(BD-RjUL)63585 | ||
| 040 |
_aBD-RjUL _bben _cBD-RjUL |
||
| 041 | _aben | ||
| 082 |
_223 _a891.2209 _bGON 1997 |
||
| 100 |
_aগোপ, যুধিষ্ঠির _9186593 |
||
| 245 | 1 | 0 |
_aনাট্য ভারতী : _b( সাহিত্যদর্পণের ষষ্টপরিচ্ছেদ অবলম্বনে ) / _cযুধিষ্ঠির গোপ |
| 260 |
_aকলিকাতা : _bসংস্কৃত পুস্তক ভাণ্ডার, _c১৯৯৭ (১৪০৪) |
||
| 300 |
_axii, ৬৬ পৃ. ; _c২৩ সেমি. |
||
| 504 | _aগ্রন্থপঞ্জি সংযুক্ত | ||
| 650 |
_aসংস্কৃত নাটক _xইতিহাস ও সমালোচনা _9184846 |
||
| 650 |
_aSanskrit Drama _xHistory and Criticism _9186922 |
||
| 942 |
_2ddc _cBK |
||
| 999 |
_c63456 _d63456 |
||